Japanese car brands - Statistics

General Stats
  • This quiz has been taken 1,783 times
  • The average score is 8 of 13
Answer Stats
Answer % Correct
Toyota
96%
Honda
89%
Nissan
84%
Mitsubishi
75%
Mazda
68%
Suzuki
68%
Subaru
67%
Lexus
56%
Acura
45%
Daihatsu
37%
Infiniti
35%
Isuzu
31%
Scion
16%
No matching quizzes found
Score Distribution
Percent of People with Each Score
Percentile by Number Answered
Your Score History
You have not taken this quiz